| 000 | 00515nam a2200181 a 4500 | ||
|---|---|---|---|
| 005 | 20260221063940.0 | ||
| 008 | 991125s1972 es 000 0 spa u | ||
| 035 | _aUPN01000027352 | ||
| 049 | _aCG | ||
| 050 | 4 |
_aLB880 C5 _bH3.48 |
|
| 100 | 1 | _aClausse, Arnould | |
| 245 | 1 | 0 |
_aHacia una pedagogía racional / _cArnould Clausse ; tr. José de Lucas. |
| 260 |
_aMadrid : _bMarova, _c1972. |
||
| 300 | _a202 p. | ||
| 440 | 0 |
_aBiblioteca del educador ; _v1 |
|
| 650 | 4 |
_aEducación _xFilosofía _94994 |
|
| 905 | _aLibro | ||
| 999 |
_c27352 _d27352 |
||